|
|
|
|
| LEADER |
00000nab a2200000 a 4500 |
| 001 |
vtls010668504 |
| 003 |
SK-MaSNL |
| 005 |
20260303232041.0 |
| 008 |
150421 2015 xo m p 000 0 cze |
| 015 |
|
|
|a SNBRB2015/04
|2 lmaosk
|
| 040 |
|
|
|a LMAOSK
|b slo
|c LMAOSK
|e AACR2
|
| 041 |
0 |
|
|a slo
|
| 044 |
|
|
|a xo
|c SK
|
| 080 |
|
|
|a 623.438
|2 2001
|
| 080 |
|
|
|a (046)
|2 2001
|
| 080 |
|
|
|a 623.438.5
|2 2001
|
| 100 |
1 |
|
|a Gyűrösi, Miroslav,
|d 1965-
|4 aut
|4 pht
|9 388192
|
| 245 |
1 |
0 |
|a Kolesový transportér Enigma 8x8
|c text a foto Miroslav Gyűrösi
|
| 300 |
|
|
|b Fotogr.
|
| 650 |
0 |
7 |
|a Enigma 8x8 (kolesový transportér)
|2 LMAOSK
|9 1267739
|
| 650 |
0 |
7 |
|a obrnené vozidlá
|2 SNKPH
|9 73553
|
| 650 |
0 |
7 |
|a obrnené transportéry
|2 LMAOSK
|9 89494
|
| 650 |
0 |
7 |
|a kolesové transportéry
|2 LMAOSK
|9 1267740
|
| 655 |
|
7 |
|a články
|2 SNKPH
|9 70601
|
| 773 |
0 |
|
|t ATM
|g Roč. 47, č. 4 (2015), s. 17-19
|x 1802-4823
|
| 852 |
|
|
|a LMAOSK
|b KIS3GCP
|
| 958 |
|
|
|a NB
|
| 999 |
|
|
|c 2269849
|d 2271779
|